| 000 | 00557nam a2200193 4500 | ||
|---|---|---|---|
| 003 | SEACOMEC | ||
| 005 | 20240417115140.0 | ||
| 008 | 231006b |||||||| |||| 00| 0 eng d | ||
| 040 | _aSEACOMEC | ||
| 082 |
_a005.133 _bB324 |
||
| 100 | 1 | _aBooch, Grady | |
| 245 | 1 | 4 |
_aThe Unified modeling language user guide _cGrady Booch, Jomes Rumbaugh and Ivar Jacobson |
| 260 |
_aDelhi _bPearson _c2006 |
||
| 650 | _aComputer programming, programs, data | ||
| 650 | _aProgramming languages | ||
| 700 | 1 | _aRumbaugh, Jomes | |
| 700 | 1 | _aJacobson, Ivar | |
| 942 | _cBOOK | ||
| 999 |
_c171 _d171 |
||